| 000 | 00365nam a2200145Ia 4500 | ||
|---|---|---|---|
| 100 | _aAnwani/ M.L./ Hans/L.R | ||
| 650 | _aElectrical Engineering | ||
| 942 | _cBK | ||
| 654 | _aBasic Shop Practical | ||
| 245 | _aBasic Shop Practical In Electrical Engg. | ||
| 260 |
_bDhanpat Rai & Sons _aNew Delhi _c1992 |
||
| 082 | _a621.3 | ||
| 300 | _a356 | ||
| 546 | _aENGLISH | ||
| 999 |
_c23976 _d23976 |
||